000 00744nam a2200253Ia 4500
003 OSt
005 20220927110404.0
006 a|||||r|||| 00| 0
007 ta
008 220926b |||||||| |||| 00| 0 eng d
024 _a54221
037 _cReports
040 _aRTL
_cRTL
_beng
041 _2eng
_aeng
082 _a"X:93.435.N8, M7/UN"
100 _aLarhed Tommy
_9377364
245 0 _aAsian employment programme working paprs
260 _aDelhi
_bILO India
_c1987
300 _a92p.
_ccm.
500 _a"International labour organisation, Asian employment programme, working paper"
650 _aWages
942 _h"X:93.435.N8, M7/UN"
_cCC
999 _c696211
_d696211